Paroles: LRH- Freeze Corleone - Statistiques

Statistiques générales
  • Ce quiz a été pris 67 fois
  • Le résultat moyen est 195 sur 407
Statistiques - réponses
Paroles % Correct
S/o
98%
le
93%
o
93%
Pour
91%
pour
91%
les
88%
à
86%
a
86%
comme
84%
on
84%
Par
84%
cash
81%
du
81%
est
81%
négro
81%
salle
79%
dans
77%
et
77%
Et
77%
fait
77%
ma
77%
partant
77%
sale
77%
ces
74%
de
72%
tous
72%
complot
70%
la
70%
si
70%
chaque
67%
Chaque
67%
lean
67%
Tout
67%
trop
67%
argent
65%
c'est
65%
Chen
65%
j'ai
65%
noir
65%
plus
65%
blesse
63%
Chen Zen
63%
Chen zen
63%
drogue
63%
gangster
63%
gentleman
63%
il
63%
professionnel
63%
quarts-temps
63%
sexe
63%
tête
63%
j'suis
60%
obsessionnel
60%
des
58%
groupe
58%
vers
58%
V'là
58%
v'là
58%
j'sortais
56%
sur
56%
au
53%
en
53%
kill
53%
l'infini
53%
prod
53%
toute
53%
ceinture
51%
clean
51%
d'Brooklyn
51%
quand
51%
vie
51%
ekip
49%
j'découpe
49%
l'écart
49%
LRH
49%
tu
49%
bout
47%
que
47%
un
47%
gros
44%
gucci
44%
tend
44%
y
44%
aka
42%
déterminé
42%
grand
42%
loin
42%
Dakar
40%
d'flacons
40%
Flem
40%
île
40%
killu
40%
line
40%
pétasse
40%
rétro
40%
blanc
37%
d'caca
37%
j'arrive
37%
j'augmente
37%
petit
37%
Petit
37%
réseaux
37%
une
37%
d'fonds
35%
faut
35%
humanitaires
35%
l'complot
35%
pédophiles
35%
propos
35%
trafic
35%
armes
33%
aux
33%
d'Emmanuel
33%
détournements
33%
devant
33%
d'minerais
33%
feu
33%
fonscar
33%
foreign
33%
j'étais
33%
jusqu'au
33%
l'âge
33%
Leicester
33%
manuels
33%
niveaux
33%
ou
33%
presque
33%
raciste
33%
Shaquille
33%
t'as
33%
titre
33%
vieux
33%
cortez
30%
j'glisse
30%
mix
30%
NRA
30%
prods
30%
six
30%
yeuz
30%
dépressif
28%
Freeze
28%
hit
28%
j'en
28%
leur
28%
liasses
28%
négros
28%
suprémaciste
28%
techniques
28%
train
28%
uranifères
28%
ai
26%
Audio
26%
auto
26%
blocs
26%
boîtes
26%
chez
26%
Corleone
26%
d'chercher
26%
encore
26%
fuck
26%
marre
26%
mêmes
26%
opioïdes
26%
plissés
26%
proviseur
26%
rappes
26%
Sadio
26%
sais
26%
scientologue
26%
tellement
26%
toi
26%
bled
23%
d'un
23%
galsen
23%
kitesurf
23%
l'salaire
23%
maîtrise
23%
meneur
23%
mes
23%
m'faut
23%
moins
23%
pas
23%
qu'les
23%
shit
23%
soit
23%
t'es
23%
vents
23%
collages
21%
D1
21%
D3
21%
d'tous
21%
Fabio
21%
fonction
21%
génétiques
21%
j'vois
21%
lunettes
21%
Majster
21%
manuelles
21%
pills
21%
points
21%
qu'jai
21%
secte
21%
s'épaississent
21%
sommes
21%
très
21%
Blackjack
19%
Cartier
19%
clonages
19%
dalle
19%
décollages
19%
Detroit
19%
dix
19%
d'la
19%
douze
19%
école
19%
ficelles
19%
gas
19%
j'apporte
19%
j'calcule
19%
jeu
19%
j'fais
19%
j'roule
19%
j'veux
19%
portgas
19%
proies
19%
ravitaille
19%
roules
19%
trajectoires
19%
ventes
19%
cabillaud
16%
cons'
16%
d'jeu
16%
d'si
16%
Fft fft
16%
j'aime
16%
j'regarde
16%
maxima
16%
m'connais
16%
mic
16%
nouvelle
16%
personne
16%
rétroviseur
16%
seul
16%
alpraz'
14%
cause
14%
j'débarque
14%
j'dors
14%
kérosène
14%
knicks
14%
licks
14%
maximale
14%
orque
14%
puissance
14%
tokyoïte
14%
ball-trap
12%
bridés
12%
crack
12%
fusille
12%
j'prépare
12%
cuisine
9%
japonais
9%
l'compte
9%
pilotage
9%
flammes
7%
heashot
7%
j'crache
7%
réflexe
7%
taximan
7%
CD
5%
d'tracks
5%
barauder
2%
rtial
2%
Aucun quiz correspondant
Distribution des résultats
% des personnes avec chaque résultat
Percentile par nombre de réponses
Votre historique - résultats
Vous n’avez pas pris ce quiz